Sports Quiz

Random Sports or Football Quiz

Big 4 Hall of Famers A-Z Quiz Stats

 Plays Quiz Updated Aug 8, 2019

Score 0/96 Timer 12:00
11 Plays Today
Hint Answer % Correct
Naismith Basketball
Hall of Fame
Michael Jordan...
93.9%
Pro Football
Hall of Fame
Deacon Jones...
93.4%
National Baseball
Hall of Fame
Babe Ruth...
88.5%
National Baseball
Hall of Fame
Walter Johnson...
85.3%
Hockey
Hall of Fame
Busher Jackson...
84.6%
Naismith Basketball
Hall of Fame
James Worthy...
83.7%
Naismith Basketball
Hall of Fame
Bill Sharman...
83.2%
National Baseball
Hall of Fame
Mike Schmidt...
82.5%
Hockey
Hall of Fame
Terry Sawchuk...
82.3%
Pro Football
Hall of Fame
Barry Sanders...
82.2%
Naismith Basketball
Hall of Fame
Larry Bird...
81.6%
Hockey
Hall of Fame
Wayne Gretzky...
81.4%
National Baseball
Hall of Fame
Ted Williams...
81%
National Baseball
Hall of Fame
Hank Aaron...
78.9%
Hockey
Hall of Fame
Maurice Richard...
77.5%
National Baseball
Hall of Fame
Johnny Bench...
77%
Naismith Basketball
Hall of Fame
Kareem Abdul-Jabbar...
76.4%
Pro Football
Hall of Fame
Reggie White...
76%
National Baseball
Hall of Fame
Ty Cobb...
75.2%
Pro Football
Hall of Fame
Joe Montana...
74.7%
Naismith Basketball
Hall of Fame
George Mikan...
74.6%
National Baseball
Hall of Fame
Willie Mays...
74.2%
Naismith Basketball
Hall of Fame
Bill Russell...
74.1%
Pro Football
Hall of Fame
Lawrence Taylor...
73.9%
Naismith Basketball
Hall of Fame
Isiah Thomas...
72.7%
National Baseball
Hall of Fame
Cy Young...
72.6%
National Baseball
Hall of Fame
Lou Gehrig...
71.6%
National Baseball
Hall of Fame
Ben Taylor...
70.7%
National Baseball
Hall of Fame
Joe DiMaggio...
69.7%
Naismith Basketball
Hall of Fame
Scottie Pippen...
68.2%
Pro Football
Hall of Fame
Jim Brown...
68.2%
Pro Football
Hall of Fame
Jerry Rice...
68.1%
Hint Answer % Correct
Hockey
Hall of Fame
Gordie Howe...
67.3%
Hockey
Hall of Fame
Jean Beliveau...
64.9%
Pro Football
Hall of Fame
Steve Young...
63.8%
Naismith Basketball
Hall of Fame
Wilt Chamberlain...
63.1%
Hockey
Hall of Fame
Syl Apps...
63%
National Baseball
Hall of Fame
Rickey Henderson...
61.4%
National Baseball
Hall of Fame
Sandy Koufax...
61.3%
Naismith Basketball
Hall of Fame
Patrick Ewing...
60.6%
Pro Football
Hall of Fame
Eric Dickerson...
60.6%
Pro Football
Hall of Fame
Joe Greene...
60.5%
Hockey
Hall of Fame
Mark Messier...
60.4%
National Baseball
Hall of Fame
Jimmie Foxx...
58.6%
Pro Football
Hall of Fame
Don Hutson...
58.4%
Hockey
Hall of Fame
Mario Lemieux...
58.2%
Pro Football
Hall of Fame
Earl Campbell...
57.8%
Naismith Basketball
Hall of Fame
John Havlicek...
56.9%
Hockey
Hall of Fame
Bobby Orr...
56.6%
Pro Football
Hall of Fame
Walter Payton...
53.5%
Pro Football
Hall of Fame
Lance Alworth...
52.5%
Naismith Basketball
Hall of Fame
Hakeem Olajuwon...
52.4%
Naismith Basketball
Hall of Fame
Dave DeBusschere...
51.3%
National Baseball
Hall of Fame
Dennis Eckersley...
50.6%
Hockey
Hall of Fame
Bryan Trottier...
50.3%
Pro Football
Hall of Fame
Bob Lilly...
49.9%
National Baseball
Hall of Fame
Gaylord Perry...
47.3%
Pro Football
Hall of Fame
Marshall Faulk...
46.8%
Naismith Basketball
Hall of Fame
Jerry Lucas...
45.1%
Naismith Basketball
Hall of Fame
Bernard King...
43.4%
Pro Football
Hall of Fame
John Elway...
42.5%
Naismith Basketball
Hall of Fame
Hal Greer...
42.4%
National Baseball
Hall of Fame
Mel Ott...
40.9%
Pro Football
Hall of Fame
Johnny Unitas...
40.8%
Hint Answer % Correct
National Baseball
Hall of Fame
Nap Lajoie...
40.3%
Naismith Basketball
Hall of Fame
Don Nelson...
39.8%
Hockey
Hall of Fame
Bobby Clarke...
39.1%
Pro Football
Hall of Fame
Bronko Nagurski...
38.9%
Hockey
Hall of Fame
Jacques Plante...
38.1%
Hockey
Hall of Fame
Red Kelly...
37.3%
Hockey
Hall of Fame
Jack Walker...
36.9%
Hockey
Hall of Fame
Frank Nighbor...
35.5%
Hockey
Hall of Fame
Dick Irvin...
34.3%
Pro Football
Hall of Fame
Michael Irvin
33.7%
National Baseball
Hall of Fame
Monte Irvin
33.6%
Pro Football
Hall of Fame
Jim Kelly...
31.4%
Hockey
Hall of Fame
Steve Yzerman...
30.3%
Pro Football
Hall of Fame
Merlin Olsen...
30.1%
Naismith Basketball
Hall of Fame
Dan Issel...
29.3%
Naismith Basketball
Hall of Fame
Wes Unseld
28.4%
Naismith Basketball
Hall of Fame
Walt Frazier...
27.9%
Hockey
Hall of Fame
Grant Fuhr...
27%
National Baseball
Hall of Fame
Kid Nichols...
26%
Hockey
Hall of Fame
Ken Dryden...
25.4%
Hockey
Hall of Fame
Phil Esposito...
24.6%
National Baseball
Hall of Fame
Dazzy Vance...
22.5%
Hockey
Hall of Fame
Bill Quackenbush...
14.1%
Pro Football
Hall of Fame
Gary Zimmerman
13.2%
Pro Football
Hall of Fame
Steve VanBuren...
11.7%
Hockey
Hall of Fame
Norm Ullman...
6.7%
Naismith Basketball
Hall of Fame
George Yardley...
6.5%
Hockey
Hall of Fame
Georges Vézina...
5.8%
Naismith Basketball
Hall of Fame
Ernest C. Quigley
2.8%
Hockey
Hall of Fame
Sergei Zubov...
2.7%
Naismith Basketball
Hall of Fame
Fuzzy Vandivier...
2.5%
Naismith Basketball
Hall of Fame
Fred Zollner
1.4%

You're not logged in!

Compare scores with friends on all Sporcle quizzes.
OR
Log In

Show Comments

Extras

Top Quizzes Today


Score Distribution

Your Account Isn't Verified!

In order to create a playlist on Sporcle, you need to verify the email address you used during registration. Go to your Sporcle Settings to finish the process.

Report this User

Report this user for behavior that violates our Community Guidelines.

Details: